| Tag |
First Indicator |
Second Indicator |
Subfields |
| LEADER |
00000cam a2200000Ia 4500 |
| 001 |
in00002782871 |
| 005 |
20150922150357.0 |
| 008 |
120218s2012 laua b 001 0 eng d |
| 020 |
|
|
|a 9781608010844
|
| 020 |
|
|
|a 1608010848
|
| 035 |
|
|
|a (OCoLC)ocn777652766
|
| 040 |
|
|
|a BTCTA
|c BTCTA
|d YDX
|d BDX
|d BWX
|d PIT
|d UtOrBLW
|
| 041 |
1 |
|
|a eng
|h fre
|
| 043 |
|
|
|a e-fr---
|
| 049 |
|
|
|a TXAM
|
| 050 |
|
4 |
|a PN1993.5.F7
|b B3413 2012
|
| 100 |
1 |
|
|a Bazin, André,
|d 1918-1958.
|
| 240 |
1 |
0 |
|a Cinéma français de la Libération à la nouvelle vague (1945-1958).
|l English
|
| 245 |
1 |
0 |
|a French cinema from the Liberation to the New Wave, 1945-1958 /
|c by Andre ́Bazin ; translated & edited by Bert Cardullo.
|
| 264 |
|
1 |
|a New Orleans :
|b University of New Orleans Press,
|c [2012]
|
| 264 |
|
4 |
|c ©2012
|
| 300 |
|
|
|a 415 pages :
|b illustrations ;
|c 22 cm.
|
| 336 |
|
|
|a text
|b txt
|2 rdacontent
|
| 337 |
|
|
|a unmediated
|b n
|2 rdamedia
|
| 338 |
|
|
|a volume
|b nc
|2 rdacarrier
|
| 490 |
1 |
|
|a Engaged writers series
|
| 504 |
|
|
|a Includes bibliographical references and index.
|
| 650 |
|
0 |
|a Motion pictures
|z France
|x History.
|
| 700 |
1 |
|
|a Cardullo, Bert.
|
| 830 |
|
0 |
|a Engaged writers series.
|
| 945 |
|
|
|a PromptCat
|b 108316
|
| 946 |
|
|
|a stk
|
| 947 |
|
|
|a A14836013517
|
| 948 |
|
|
|a cataloged
|b h
|c 2012/12/5
|d c
|e dmitchel
|f 11:30:20 am
|
| 994 |
|
|
|a 92
|b TXA
|
| 999 |
|
|
|a MARS
|
| 999 |
f |
f |
|s 5e03075c-f0ef-3564-a592-da332d5c50a1
|i c5fef17d-3cef-3108-a69b-c4f029ed6493
|t 0
|
| 952 |
f |
f |
|p normal
|a Texas A&M University
|b College Station
|c Sterling C. Evans Library
|d Evans: Library Stacks
|t 0
|e PN1993.5.F7 B3413 2012
|h Library of Congress classification
|i unmediated -- volume
|m A14836013517
|
| 998 |
f |
f |
|a PN1993.5.F7 B3413 2012
|t 0
|l Evans: Library Stacks
|